<?xml version="1.0" encoding="UTF-8"?>
<record
    xmlns:xsi="http://www.w3.org/2001/XMLSchema-instance"
    xsi:schemaLocation="http://www.loc.gov/MARC21/slim http://www.loc.gov/standards/marcxml/schema/MARC21slim.xsd"
    xmlns="http://www.loc.gov/MARC21/slim">

  <leader>00314nam a22001457a 4500</leader>
  <controlfield tag="003">SGT</controlfield>
  <datafield tag="082" ind1=" " ind2=" ">
    <subfield code="a">658.5,ADA</subfield>
  </datafield>
  <datafield tag="100" ind1=" " ind2=" ">
    <subfield code="a">ADAM,E</subfield>
  </datafield>
  <datafield tag="245" ind1=" " ind2=" ">
    <subfield code="a">PRODUCTION AND OPERATIONS MANAGEMENT</subfield>
  </datafield>
  <datafield tag="250" ind1=" " ind2=" ">
    <subfield code="a">5TH</subfield>
  </datafield>
  <datafield tag="260" ind1=" " ind2=" ">
    <subfield code="a">NEW DELHI</subfield>
    <subfield code="b">PHI</subfield>
    <subfield code="c">2003</subfield>
  </datafield>
  <datafield tag="300" ind1=" " ind2=" ">
    <subfield code="a">729</subfield>
  </datafield>
  <datafield tag="650" ind1=" " ind2=" ">
    <subfield code="a">PRODUCTION MANAGEMENT</subfield>
  </datafield>
  <datafield tag="942" ind1=" " ind2=" ">
    <subfield code="2">ddc</subfield>
    <subfield code="c">FCM</subfield>
    <subfield code="0">7</subfield>
  </datafield>
  <datafield tag="952" ind1=" " ind2=" ">
    <subfield code="0">0</subfield>
    <subfield code="1">0</subfield>
    <subfield code="2">ddc</subfield>
    <subfield code="4">0</subfield>
    <subfield code="7">1</subfield>
    <subfield code="8">LAW</subfield>
    <subfield code="a">SSSL</subfield>
    <subfield code="b">SSSL</subfield>
    <subfield code="c">REF</subfield>
    <subfield code="d">2016-07-26</subfield>
    <subfield code="e">GIFT BY DR. DILIP SINGH</subfield>
    <subfield code="g">295.00</subfield>
    <subfield code="i">SGTU</subfield>
    <subfield code="o">658.5,ADA</subfield>
    <subfield code="p">FL264</subfield>
    <subfield code="r">2025-06-28 00:00:00</subfield>
    <subfield code="w">2016-07-26</subfield>
    <subfield code="y">BK</subfield>
  </datafield>
  <datafield tag="952" ind1=" " ind2=" ">
    <subfield code="0">0</subfield>
    <subfield code="1">0</subfield>
    <subfield code="2">ddc</subfield>
    <subfield code="4">0</subfield>
    <subfield code="7">1</subfield>
    <subfield code="8">CM</subfield>
    <subfield code="a">SSSL</subfield>
    <subfield code="b">SSSL</subfield>
    <subfield code="c">REF</subfield>
    <subfield code="d">2017-01-27</subfield>
    <subfield code="e">INDIAN PUBLISHERS &amp; DISTRIBUTORS </subfield>
    <subfield code="g">550.00</subfield>
    <subfield code="i">SGTU</subfield>
    <subfield code="o">658.5,ADA</subfield>
    <subfield code="p">CM3332</subfield>
    <subfield code="r">2017-01-27 00:00:00</subfield>
    <subfield code="w">2016-12-20</subfield>
    <subfield code="y">FCM</subfield>
    <subfield code="k">117</subfield>
  </datafield>
  <datafield tag="952" ind1=" " ind2=" ">
    <subfield code="0">0</subfield>
    <subfield code="1">0</subfield>
    <subfield code="2">ddc</subfield>
    <subfield code="4">0</subfield>
    <subfield code="7">0</subfield>
    <subfield code="8">CM</subfield>
    <subfield code="a">SSSL</subfield>
    <subfield code="b">SSSL</subfield>
    <subfield code="c">DISPLAY</subfield>
    <subfield code="d">2017-01-27</subfield>
    <subfield code="e">INDIAN PUBLISHERS &amp; DISTRIBUTORS </subfield>
    <subfield code="g">550.00</subfield>
    <subfield code="i">SGTU</subfield>
    <subfield code="l">0</subfield>
    <subfield code="o">658.5,ADA</subfield>
    <subfield code="p">CM3333</subfield>
    <subfield code="r">2017-01-27 00:00:00</subfield>
    <subfield code="w">2016-12-20</subfield>
    <subfield code="y">FCM</subfield>
    <subfield code="k">117</subfield>
  </datafield>
  <datafield tag="952" ind1=" " ind2=" ">
    <subfield code="0">0</subfield>
    <subfield code="1">0</subfield>
    <subfield code="2">ddc</subfield>
    <subfield code="4">0</subfield>
    <subfield code="7">0</subfield>
    <subfield code="8">CM</subfield>
    <subfield code="a">SSSL</subfield>
    <subfield code="b">SSSL</subfield>
    <subfield code="c">DISPLAY</subfield>
    <subfield code="d">2017-01-27</subfield>
    <subfield code="e">INDIAN PUBLISHERS &amp; DISTRIBUTORS </subfield>
    <subfield code="g">550.00</subfield>
    <subfield code="i">SGTU</subfield>
    <subfield code="l">3</subfield>
    <subfield code="o">658.5,ADA</subfield>
    <subfield code="p">CM3334</subfield>
    <subfield code="r">2024-07-20 00:00:00</subfield>
    <subfield code="s">2024-02-15</subfield>
    <subfield code="w">2016-12-20</subfield>
    <subfield code="y">FCM</subfield>
    <subfield code="k">117</subfield>
  </datafield>
  <datafield tag="952" ind1=" " ind2=" ">
    <subfield code="0">0</subfield>
    <subfield code="1">0</subfield>
    <subfield code="2">ddc</subfield>
    <subfield code="4">0</subfield>
    <subfield code="7">0</subfield>
    <subfield code="8">CM</subfield>
    <subfield code="a">SSSL</subfield>
    <subfield code="b">SSSL</subfield>
    <subfield code="c">DISPLAY</subfield>
    <subfield code="d">2017-01-27</subfield>
    <subfield code="e">INDIAN PUBLISHERS &amp; DISTRIBUTORS </subfield>
    <subfield code="g">550.00</subfield>
    <subfield code="i">SGTU</subfield>
    <subfield code="l">0</subfield>
    <subfield code="o">658.5,ADA</subfield>
    <subfield code="p">CM3335</subfield>
    <subfield code="r">2017-01-27 00:00:00</subfield>
    <subfield code="w">2016-12-20</subfield>
    <subfield code="y">FCM</subfield>
    <subfield code="k">117</subfield>
  </datafield>
  <datafield tag="952" ind1=" " ind2=" ">
    <subfield code="0">0</subfield>
    <subfield code="1">0</subfield>
    <subfield code="2">ddc</subfield>
    <subfield code="4">0</subfield>
    <subfield code="7">0</subfield>
    <subfield code="8">CM</subfield>
    <subfield code="a">SSSL</subfield>
    <subfield code="b">SSSL</subfield>
    <subfield code="c">DISPLAY</subfield>
    <subfield code="d">2017-01-27</subfield>
    <subfield code="e">INDIAN PUBLISHERS &amp; DISTRIBUTORS </subfield>
    <subfield code="g">550.00</subfield>
    <subfield code="i">SGTU</subfield>
    <subfield code="l">1</subfield>
    <subfield code="o">658.5,ADA</subfield>
    <subfield code="p">CM3336</subfield>
    <subfield code="r">2023-12-16 00:00:00</subfield>
    <subfield code="s">2023-11-29</subfield>
    <subfield code="w">2016-12-20</subfield>
    <subfield code="y">FCM</subfield>
    <subfield code="k">117</subfield>
  </datafield>
  <datafield tag="952" ind1=" " ind2=" ">
    <subfield code="0">0</subfield>
    <subfield code="1">0</subfield>
    <subfield code="2">ddc</subfield>
    <subfield code="4">0</subfield>
    <subfield code="7">0</subfield>
    <subfield code="8">CM</subfield>
    <subfield code="a">SSSL</subfield>
    <subfield code="b">SSSL</subfield>
    <subfield code="c">DISPLAY</subfield>
    <subfield code="d">2017-01-27</subfield>
    <subfield code="e">INDIAN PUBLISHERS &amp; DISTRIBUTORS </subfield>
    <subfield code="g">550.00</subfield>
    <subfield code="i">SGTU</subfield>
    <subfield code="l">3</subfield>
    <subfield code="o">658.5,ADA</subfield>
    <subfield code="p">CM3337</subfield>
    <subfield code="r">2024-01-09 00:00:00</subfield>
    <subfield code="s">2024-01-04</subfield>
    <subfield code="w">2016-12-20</subfield>
    <subfield code="y">FCM</subfield>
    <subfield code="k">117</subfield>
  </datafield>
  <datafield tag="952" ind1=" " ind2=" ">
    <subfield code="0">0</subfield>
    <subfield code="1">0</subfield>
    <subfield code="2">ddc</subfield>
    <subfield code="4">0</subfield>
    <subfield code="7">0</subfield>
    <subfield code="8">CM</subfield>
    <subfield code="a">SSSL</subfield>
    <subfield code="b">SSSL</subfield>
    <subfield code="c">DISPLAY</subfield>
    <subfield code="d">2017-01-27</subfield>
    <subfield code="e">INDIAN PUBLISHERS &amp; DISTRIBUTORS </subfield>
    <subfield code="g">550.00</subfield>
    <subfield code="i">SGTU</subfield>
    <subfield code="l">1</subfield>
    <subfield code="o">658.5,ADA</subfield>
    <subfield code="p">CM3338</subfield>
    <subfield code="r">2022-04-09 00:00:00</subfield>
    <subfield code="s">2022-03-26</subfield>
    <subfield code="w">2016-12-20</subfield>
    <subfield code="y">FCM</subfield>
    <subfield code="k">117</subfield>
  </datafield>
  <datafield tag="999" ind1=" " ind2=" ">
    <subfield code="c">9668</subfield>
    <subfield code="d">9668</subfield>
  </datafield>
</record>
